000 00477nam a2200193Ia 4500
005 20140312074143.0
008 140130s9999 xx 000 0 und d
020 _a0439434270
050 _aPZ 7
_b.F946 2003
100 _aFry, Sonali
245 _cFry, Sonali
_aThank you clifford /
260 _bScholastic,
_c2003.
_aChina :
300 _a1 v. (unpaged) :
_bcol. ill. ;
_c26 cm.
440 _v1
521 _aG2
526 _c380
942 _cBK
_2lcc
999 _c41632
_d41632